1194 1422 1535 1040 1371 1903 1202 1321 1487 1736 1624 1484 1914 1283 1256 1839 1500 1978 1727 1642 1707 1743 1681 1381 1204 1821 1066 1324 1396 1080 1303 1102 1178 1838 1098 1002 1024 1714 1809 1874 1213 1843 1999 1260 1773 1047 1258 1880 1230 1342 1196 1133 1089 1928 1944 1913 1495 1436 1921 1890 1036 1771 1087 1731 1367 1646 1418 1786 1628 1406 1514 1728 1072 1503 1861 1688 1330 1190 1108 1735 1996 1039 1160 1920 1538 1359 1643 1061 1251 1709 1958 1007 1855 1704 1119 1438 1820 1528 1303 BCNSPRNW ULIB Ver.6.0+V

เปลี่ยนเป็นภาษาไทย

Change to English
 แสดงรายละเอียดบรรณานุกรม
  กลับหน้าหลัก

Brief Record : Get Marc (ISO 2709) : E-mail record : QR code < ปิดหน้าต่าง
LEADER : 00000nam 2200000uu 4500
001    13399121336
003     ULIB
008    020711s2549 th a 000 0 tha d
020    9749493303
090    นว^bม728ซ
100    เมลานี
245    ซานตาคลอสคือใคร?/^cเมลานี
250    พิมพ์ครั้งที่ 1
260    กรุงเทพฯ :^bธนบรรณปิ่นเกล้า,^c2549
945    ^p100^l0^i24788
999    ^aกัณชพร
รายการนี้ยังไม่มีแท็ก
คุณยังไม่ได้ล็อกอิน คุณสามารถมีกิจกรรมร่วมกับเว็บไซต์ได้ แต่ต้องล็อกอินก่อน ::
  ล็อกอิน

รายการสื่อสารสนเทศ

ลำดับที่ ประเภท เลขเรียก/บาร์โค้ด สถานที่ สถานะ
1. วิทยาศาสตร์การแพทย์ และสุขภาพ
วิทยาศาสตร์การแพทย์ และสุขภาพ
นว ม728ซ  
  Barcode: 24788
ห้องสมุดวิทยาเขตสวรรค์ประชารักษ์
►นวนิยาย
บนชั้น
  ขอยืม

BibComment


ยังไม่เคยถูกคอมเมนท์

คอมเมนท์ทรัพยากรรายการนี้
  คอมเมนท์: ซานตาคลอสคือใคร เ..


 Copyright 2026. Bcnsprnw @Library